000 01987nam0a2200433 i 4500
001 RU\NLR\BIBL_A\010530530
005 20241105062926.0
010 _a9785360053064
_95000
021 _aRU
_b2014-67529
_94134
035 _a(NILC)RuMoRGB-007547969
035 _a(NLR Aleph) 010530530
090 _a10255110
_c10255110
100 _a20141114d2014 e y0rusy50 ca
101 0 _arus
102 _aRU
105 _aabc|j|||000yy
200 1 _aГеография России
_iПрирода. Население
_e8 класс
_eучебник для учащихся общеобразовательных организаций
_fВ. Б. Пятунин, Е. А. Таможняя
_gпод общ. ред. чл.-кор. РАО В. П. Дронова
205 _a4-е изд., дораб. и доп.
210 _aМосква
_cВентана-Граф
_d2014
215 _a334, [1] с.
_cил., цв. ил., портр., карт.
_d22
225 1 _aАлгоритм успеха
225 1 _aФГОС
225 1 _aГеография
300 _aНа обл. загл. отсутствует
320 _aСписок интернет-ресурсов: с. 330
606 1 _aПрирода
_jУчебники для средней школы
_yРоссийская Федерация
_92012186
_3RU\NLR\AUTH\66925393
607 _aРоссийская Федерация
_jУчебники для средней школы
_xНаселение
_92079969
_3RU\NLR\AUTH\661255872
675 _a373.167.1:91(470)
675 _a91(470)(075.3)
686 1 _aД829(2Р)я72-1
686 1 _aС73(2Р)74я73
700 1 _aПятунин
_bВ. Б.
_gВладимир Борисович
701 1 _aТаможняя
_bЕ. А.
_gЕлена Александровна
801 0 _aRU
_bRuMoRKP
_c20101018
_gRCR
801 2 _aRU
_bРГБ
_c20140905
_grcr
942 _cBOOK
980 _aNBR